Bharatar shikshar itihas (Record no. 1842)

MARC details
000 -LEADER
fixed length control field 00536cam a2200205ua 4500
008 - FIXED-LENGTH DATA ELEMENTS--GENERAL INFORMATION
fixed length control field 110806n ii |||gr||||Z||||||asm
040 ## - CATALOGING SOURCE
Transcribing agency MAIN
082 ## - DEWEY DECIMAL CLASSIFICATION NUMBER
Classification number 370.54
100 ## - MAIN ENTRY--PERSONAL NAME
Personal name Sharma, Mukunda,
Relator term
245 1# - TITLE STATEMENT
Title Bharatar shikshar itihas
Statement of responsibility, etc. by Mukunda Sharma
250 ## - EDITION STATEMENT
Edition statement 2nd.
260 ## - PUBLICATION, DISTRIBUTION, ETC.
Place of publication, distribution, etc. Guahati:
Name of publisher, distributor, etc. Assam book depot,
Date of publication, distribution, etc. 2007.
300 ## - PHYSICAL DESCRIPTION
Extent 452p:
Dimensions 23cm.
700 ## - ADDED ENTRY--PERSONAL NAME
Personal name Deka, Birendra,
Relator term
700 ## - ADDED ENTRY--PERSONAL NAME
Personal name Kalita, Pramud,
Relator term
942 ## - ADDED ENTRY ELEMENTS (KOHA)
Koha item type Books
653 ## - INDEX TERM--UNCONTROLLED
Uncontrolled term Education
653 ## - INDEX TERM--UNCONTROLLED
Uncontrolled term Bharatar shikshar itihas
Holdings
Withdrawn status Lost status Damaged status Not for loan Home library Current library Shelving location Date acquired Total Checkouts Full call number Barcode Date last seen Date last checked out Copy number Price effective from Koha item type
        Central Library, Naharkatiya College Central Library, Naharkatiya College General Stacks 19/09/2020 5 370.54 | SHA 18443 29/02/2024 15/02/2024 1 19/09/2020 Books

Naharkatiya College © 2020. All rights reserved.

Powered By